000 00866nam a2200313Ia 4500
001 10031
005 20240113235201.0
007 ta
008 050730s 197 a g b000 u eng u
020 _cHB
040 _aCotton College Asaam
041 _aeng
082 _a371
_bR 85 So
100 _aRuhela, S.P. .
245 0 _aSociology of the Teaching Profession in India /
_cS.P. Ruhela.
_hTextual Documents
250 _a1st ed /
260 _aNew Delhi :
_bNational Council of Educational Research & Traning ,
_cC 1970.
300 _a330p. :
_bill. ;
_c22cm. .
504 _aIndex
653 _aEducation-Study and Teaching
653 _aSociology-Teaching Profession in India
653 _aMS-Education
653 _aG-Education
942 _2ddc
_cBK
999 _c10018
_d10018